|
|
|
|
| LEADER |
00000nam0a2200000 4500 |
| 001 |
315273 |
| 005 |
20231102002748.0 |
| 010 |
|
|
|a 9785991660747
|
| 035 |
|
|
|a (RuTPU)RU\TPU\book\340706
|
| 090 |
|
|
|a 315273
|
| 100 |
|
|
|a 20160229d2016 m y0rusy50 ca
|
| 101 |
0 |
|
|a rus
|
| 102 |
|
|
|a RU
|
| 105 |
|
|
|a a j 001zy
|
| 200 |
1 |
|
|a Социальная политика государства и бизнеса
|e учебник для бакалавриата и магистратуры
|f Санкт-Петербургский государственный университет (СПбГУ) ; под ред. О. А. Канаевой
|
| 210 |
|
|
|a Москва
|c Юрайт
|d 2016
|
| 215 |
|
|
|a 343 с.
|c ил.
|
| 225 |
1 |
|
|a Бакалавр - Магистр
|
| 320 |
|
|
|a Библиография в конце глав.
|
| 330 |
|
|
|a В учебнике излагаются современные подходы к трактовке объекта, предмета, целей и основных направлений социальной политики. В качестве ее субъектов рассматриваются государство, бизнес и гражданское общество. Особое внимание уделяется обоснованию необходимости формирования новой модели социальной политики, адекватной современным вызовам и рискам, требованиям социально-инновационной экономики, повышению социальной ответственности бизнес-организаций, а также целям, направлениям, механизму формирования и реализации корпоративной социальной политики. Соответствует актуальным требованиям Федерального государственного образовательного стандарта высшего образования. Адресован студентам, обучающимся по образовательным программам бакалавриата и магистратуры (направления «Экономика», «Менеджмент», «Управление персоналом», «Государственное и муниципальное управление», «Социология» и др.), изучающим дисциплины «Социальная политика», «Корпоративная социальная политика», «Корпоративная социальная ответственность», «Экономическая теория», «Государственное регулирование экономики», а также аспирантам и преподавателям вузов.
|
| 606 |
1 |
|
|a Социальная политика
|x Социально-политические проблемы
|2 stltpush
|3 (RuTPU)RU\TPU\subj\64561
|9 81410
|
| 610 |
1 |
|
|a теория
|
| 610 |
1 |
|
|a методология
|
| 610 |
1 |
|
|a объекты
|
| 610 |
1 |
|
|a цели
|
| 610 |
1 |
|
|a предмет
|
| 610 |
1 |
|
|a социальные риски
|
| 610 |
1 |
|
|a уровень жизни
|
| 610 |
1 |
|
|a государство
|
| 610 |
1 |
|
|a социальные функции
|
| 610 |
1 |
|
|a социальные расходы
|
| 610 |
1 |
|
|a социальная защита
|
| 610 |
1 |
|
|a занятость
|
| 610 |
1 |
|
|a доходы
|
| 610 |
1 |
|
|a бизнес
|
| 610 |
1 |
|
|a корпоративная политика
|
| 610 |
1 |
|
|a учебники
|
| 686 |
|
|
|a Ф3(2)3я73
|v LBC/SL-A
|2 rubbk
|
| 702 |
|
1 |
|a Канаева
|b О. А.
|g Ольга Алексеевна
|4 340
|
| 712 |
0 |
2 |
|a Санкт-Петербургский государственный университет (СПбГУ)
|c (1991- )
|2 stltpush
|3 (RuTPU)RU\TPU\col\62
|
| 801 |
|
1 |
|a RU
|b 63413507
|c 20160229
|
| 801 |
|
2 |
|a RU
|b 63413507
|c 20160406
|g RCR
|
| 900 |
|
|
|a Социальная политика
|
| 942 |
|
|
|c BK
|
| 951 |
|
|
|l 8.1
|l 8.3
|
| 959 |
|
|
|a 24/20160224
|d 1
|e 739,00
|f ЧЗГЛ:1
|